• 首页
  • 本馆介绍
  • 公告通知
  • 最新文献
  • 馆藏检索
  • 电子资源
  • 读者导购
  • 参考咨询
  • 我的图书馆
  • 登录
  • 详细信息显示
  • 放入我的书架
  • 预约/预借图书
  • 作者相关作品
  • 分类相关作品
  • 丛书相关作品
  • 出版社相关作品

书目信息

  • 表格格式
  • 工作单格式
  • 卡片格式
题名:
狄更斯妙语录
    
 
作者: 狄更斯 , Dickens 著 ;纹绮 编
分册:  
出版信息: 兰州   甘肃人民出版社  1989.7
页数: 195页
开本: 19cm
丛书名: 世界文豪妙语录丛书
单 册:
中图分类: I561.14 , H033
科图分类:
主题词: 语义学 , 词汇学
电子资源:
ISBN: 7-226-00458-5
000 00948oam2 2200301 450
001 1562755797
005 20150120172638.34
010    @a7-226-00458-5@dCNY2.50
100    @a19921221d1989 em y0chiy0110 ea
101 1  @achi@ceng
102    @aCN@b620000
105    @acf z 000zy
200 1  @a狄更斯妙语录@9di geng si miao yu lu@f(英)狄更斯(Dickens,C.)著@g纹 绮编
210    @a兰州@c甘肃人民出版社@d1989.7
215    @a195页@c肖像及插图@d19cm
225 2  @a世界文豪妙语录丛书@v第二辑
461  0 @12001 @a世界文豪妙语录丛书
600  1 @a狄更斯@c(Dickens, Charles@f1812~1870)@x语录
600  1 @2CT@3S013246@a狄更斯@c(Dickens, Charles@f1812~1870)
606 0  @a语义学
606 0  @a词汇学
690    @aI561.14@v三版
690    @aH033@v4
701  1 @c(英)@a狄更斯@9di geng si@c(Dickens, Charles@f1812~1870)@4著
701  1 @aDickens@bC.@4著
702  0 @a纹绮@9wen qi@4编
801  0 @aCN@bTSSF@c20150120
905    @aZUCC@dH033@eJY57
    
    狄更斯妙语录/(英)狄更斯(Dickens,C.)著/纹 绮编.-兰州:甘肃人民出版社,1989.7
    195页:肖像及插图;19cm.-(世界文豪妙语录丛书;第二辑)
    
    
    ISBN 7-226-00458-5:CNY2.50
    
●
相关链接 在E读中查询图书 在五车中查询图书 在当当中查询图书 在豆瓣中查询图书


正题名:狄更斯妙语录     索取号:H033/JY57         预约/预借

序号 登录号 条形码 馆藏地/架位号 状态 备注
1 7850050   278500506   学院路分馆/ [索取号:H033/JY57] 在馆    
2 7850051   278500515   学院路分馆/ [索取号:H033/JY57] 在馆    
唐山师范学院图书馆 欢迎您!
大连网信软件有限公司© 版权所有